000
00239 a2200109 4500
020
_a
9789332570313
100
_a
Simon Haykin
245
_a
Neural networks and learning machines
250
_a
3rd
260
_b
Pearson
_c
2024
942
_c
OO
999
_c
115578
_d
115577